MARC

LEADER 00000nam0a2200000 4500
001 270825
005 20231101234359.0
020 |a RU  |b 87-41522 
035 |a (RuTPU)RU\TPU\book\294006 
090 |a 270825 
100 |a 20141002d1987 k y0rusy5003 ca 
101 0 |a rus 
102 |a RU 
105 |a a z 001zy 
200 1 |a Облученные нержавеющие стали  |e монография  |f С. Н. Вотинов, В. И. Прохоров, З. Е. Островский  |g Академия наук СССР (АН СССР), Институт металлургии им. А. А. Байкова (ИМЕТ) ; под ред. О. А. Банных 
210 |a Москва  |c Наука  |d 1987 
215 |a 128 с.  |c ил. 
320 |a Библиогр.: с. 122-127 (147 назв.) 
606 1 |a Металлы реакторные  |x Радиационная стойкость  |2 stltpush  |3 (RuTPU)RU\TPU\subj\43361  |9 62872 
610 1 |a нержавеющая сталь 
610 1 |a облученные металлы 
610 1 |a радиационные дефекты 
610 1 |a механические свойства 
610 1 |a температурная устойчивость 
610 1 |a радиационное упрочнение 
610 1 |a радиационное охрупчивание 
610 1 |a радиационное распухание 
610 1 |a радиационная ползучесть 
610 1 |a термоядерные процессы 
610 1 |a монографии 
675 |a 621.039.53  |v 4 
700 1 |a Вотинов  |b С. Н.  |g Сергей Николаевич 
701 1 |a Прохоров  |b В. И.  |g Валерий Иванович 
701 1 |a Островский  |b З. Е.  |g Зигфрид Евгеньевич 
702 1 |a Банный  |b О. А.  |4 340 
712 0 2 |a Академия наук СССР (АН СССР)  |b Институт металлургии им. А. А. Байкова (ИМЕТ)  |c (Москва)  |2 stltpush  |3 (RuTPU)RU\TPU\col\312 
801 0 |a RU  |b RuMRKP  |c 19950417  |g psbo 
801 1 |a RU  |b 63413507  |c 20141002 
801 2 |a RU  |b 63413507  |c 20170307  |g RCR 
942 |c BK